| 000 | 01283cam a2200325 a 4500 | ||
|---|---|---|---|
| 001 | 13464303 | ||
| 003 | NUST-PNEC | ||
| 005 | 20170116180733.0 | ||
| 008 | 040121s2003 nyua 001 0 eng | ||
| 010 | _a 2004270049 | ||
| 020 | _a0072228857 | ||
| 040 |
_aDLC _cPNEC _dDLC |
||
| 050 | 0 | 0 |
_aQA76.73.S67 _bS54 2003 |
| 082 | 0 | 0 |
_a005.756 SHE _222 |
| 100 | 1 |
_aSheldon, Robert, _d1955- |
|
| 245 | 1 | 0 |
_aSQL : a beginner's guide / _cRobert Sheldon. |
| 250 | _a2nd ed. | ||
| 260 |
_aNew York : _bMcGraw-Hill/Osborne, _cc2003. |
||
| 300 |
_axxvii, 530 p. : _bill. ; _c24 cm. |
||
| 500 | _aRev. ed. of: SQL: a beginner's guide / Forrest Houlette. Berkeley, Calif. : Osborne/McGraw-Hill, 2001. | ||
| 500 | _aIncludes index. | ||
| 650 | 0 |
_aSQL (Computer program language) _xComputer, MIS |
|
| 650 | 0 | _aRelational databases. | |
| 700 | 1 |
_aHoulette, Forrest, _d1954-. _tSQL. |
|
| 856 | 4 | 2 | _uhttp://www.amazon.com/SQL-Beginners-Second-Robert-Sheldon/dp/0072228857/ref=sr_1_1?s=books&ie=UTF8&qid=1416383663&sr=1-1&keywords=0072228857 |
| 856 | 4 | 1 | _3Table of contents |
| 906 |
_a7 _bcbc _corigcop _d2 _encip _f20 _gy-gencatlg |
||
| 942 |
_2ddc _cBK |
||
| 999 |
_c61844 _d61844 |
||